| 000 | 00484nam a2200193Ia 4500 | ||
|---|---|---|---|
| 005 | 20250423100957.0 | ||
| 008 | 250422s9999 xx 000 0 und d | ||
| 020 | _a9788122415438 |a 8122415431 | ||
| 050 | _aQD 476 .K35/ | ||
| 100 | _aKalsi, P. S. | ||
| 245 | 0 | _aSpectroscopy of organic compounds | |
| 250 | _a6th ed. | ||
| 260 | _aNew Delhi | ||
| 260 | _bNew Age International Publishers | ||
| 260 | _c2015 | ||
| 300 | _a631 p | ||
| 650 | _aSPECTROSCOPY | ||
| 942 | _cBK | ||
| 999 |
_c34918 _d34918 |
||